MARC

LEADER 00000nam0a2200000 4500
001 32156
005 20231030204752.0
010 |a 5873340641 
035 |a (RuTPU)RU\TPU\book\32452 
035 |a BOOK00000027 
090 |a 32156 
100 |a 20011210d1992 m y0rusy50 ca 
101 0 |a rus 
102 |a RU 
105 |a ao z 001a  
200 1 |a Девушка в синем  |f Н. А. Тихонова 
210 |a Москва  |c Артист. Режиссер. Театр  |c Культура  |d 1992 
215 |a 366 с.  |c ил. 
225 1 |a Ballets Russes 
320 |a Указ. имен: с. 361-366. 
610 1 |a балет 
610 1 |a актерское искусство 
610 1 |a Россия 
610 1 |a 20 век 
610 1 |a Франция 
610 1 |a русская эмиграция 
610 1 |a воспоминания 
675 |a 792.8  |v 3 
700 1 |a Тихонова  |b Н. А.  |g Нина Александровна 
801 0 |a RU  |b 63413507  |c 20011210  |g PSBO 
801 2 |a RU  |b 63413507  |c 20120914  |g PSBO 
942 |c BK